[Event "WYCC 2018 O14"]
[Site "Halkidiki"]
[Date "2018.10.24"]
[Round "6"]
[White "Cardoso Cardoso, Jose Gabriel"]
[Black "Kacharava, Nikolozi"]
[Result "1-0"]
[WhiteElo "2313"]
[BlackElo "2373"]
[Annotator "NA"]
[PlyCount "53"]
[EventDate "2018.10.20"]
[EventType "swiss"]
[EventCountry "GRE"]
[SourceTitle "playchess.com"]
[Source "ChessBase"]
[SourceQuality "1"]
[TimeControl "40/5400+30:1800+30"]

1. c4 {[%emt 0:00:00]} e5 {[%emt 0:00:26]} 2. Nc3 {[%emt 0:00:04]} Nc6 {[%emt 0:00:45]} 3. e3 {[%emt 0:02:10]} Nge7 {[%emt 0:05:20]} 4. Nf3 {[%emt 0:02:27]} d5 {[%emt 0:05:02]} 5. d4 {[%emt 0:06:53]} exd4 {[%emt 0:04:29]} 6. exd4 {[%emt 0:01:54]} Be6 {[%emt 0:10:09]} 7. Ng5 {[%emt 0:12:32]} Bf5 {[%emt 0:01:56]} 8. cxd5 {[%emt 0:06:52]} Nb4 {[%emt 0:09:12]} 9. Qa4+ {[%emt 0:29:52]} Nec6 {[%emt 0:00:51]} 10. dxc6 {[%emt 0:00:08]} b5 $18 {[%emt 0:06:16]} 11. Qb3 {[%emt 0:10:27]} Nc2+ {[%emt 0:05:44]} 12. Kd1 {[%emt 0:00:08]} Qxd4+ {[%emt 0:02:56]} 13. Bd2 {[%emt 0:00:06]} O-O-O {[%emt 0:01:56]} 14. Nf3 {[%emt 0:00:19]} Qxf2 {[%emt 0:02:50]} 15. Bxb5 {[%emt 0:01:11]} Bb4 {[%emt 0:07:06]} 16. Rf1 {[%emt 0:08:19]} Qb6 {[%emt 0:05:53]} 17. Kc1 {[%emt 0:02:10]} a5 {[%emt 0:08:39]} 18. Rb1 {[%emt 0:02:16]} Ne3 {[%emt 0:06:40]} 19. Re1 {[%emt 0:01:07]} Nxg2 {[%emt 0:06:00]} 20. Re5 {[%emt 0:01:10]} Bxb1 {[%emt 0:00:51]} 21. Kxb1 {[%emt 0:00:41]} f6 {[%emt 0:03:06]} 22. Re2 {[%emt 0:01:41]} Bxc3 {[%emt 0:02:04]} 23. bxc3 {[%emt 0:00:45]} a4 {[%emt 0:00:24]} 24. Bxa4 {[%emt 0:01:37]} Qxb3+ {[%emt 0:00:41]} 25. Bxb3 {[%emt 0:00:12]} Rd3 {[%emt 0:00:24]} 26. Nd4 {[%emt 0:00:05]} Nh4 {[%emt 0:00:30]} 27. Bc4 {[%emt 0:00:05]} 1-0

[Event "WYCC 2018 O14"]
[Site "Halkidiki"]
[Date "2018.10.24"]
[Round "6"]
[White "Tsay, Vincent"]
[Black "Stremavicius, Pijus"]
[Result "1-0"]
[WhiteElo "2310"]
[BlackElo "2024"]
[Annotator "NA"]
[PlyCount "45"]
[EventDate "2018.10.20"]
[EventType "swiss"]
[EventCountry "GRE"]
[SourceTitle "playchess.com"]
[Source "ChessBase"]
[SourceQuality "1"]
[TimeControl "40/5400+30:1800+30"]

1. d4 {[%emt 0:00:00]} Nf6 {[%emt 0:00:00]} 2. c4 {[%emt 0:00:00]} e6 {[%emt 0:00:00]} 3. g3 {[%emt 0:00:00]} d5 {[%emt 0:00:00]} 4. Nf3 {[%emt 0:00:04]} dxc4 {[%emt 0:00:00]} 5. Qa4+ {[%emt 0:00:08]} Nbd7 {[%emt 0:00:00]} 6. Qxc4 {[%emt 0:00:08]} a6 {[%emt 0:00:00]} 7. Bg2 {[%emt 0:00:14]} b5 {[%emt 0:00:00]} 8. Qc6 {[%emt 0:00:07]} Rb8 {[%emt 0:00:01]} 9. Bf4 {[%emt 0:00:09]} Nd5 {[%emt 0:02:58]} 10. Bg5 {[%emt 0:00:36]} Be7 {[%emt 0:01:40]} 11. Bxe7 {[%emt 0:00:06]} Qxe7 {[%emt 0:03:07]} 12. Nc3 {[%emt 0:01:17]} Nb4 {[%emt 0:09:43]} 13. Qxc7 {[%emt 0:01:19]} Nc2+ {[%emt 0:01:28]} 14. Kd1 {[%emt 0:01:00]} Nxa1 {[%emt 0:00:39]} 15. Ne5 {[%emt 0:00:07]} O-O {[%emt 0:15:12]} 16. Nc6 {[%emt 0:01:09] LiveBook: 5 Games} Qf6 {[%emt 0:00:05]} 17. Ne4 {[%emt 0:01:43]} Qh6 $18 {[%emt 0:06:56]} 18. Nxb8 {[%emt 0:00:31]} Nxb8 {[%emt 0:07:30]} 19. Qxb8 {[%emt 0:01:30]} e5 {[%emt 0:15:08]} 20. Qxe5 {[%emt 0:11:29]} Bh3 {[%emt 0:00:07]} 21. Bxh3 {[%emt 0:01:29]} Qc6 {[%emt 0:00:06]} 22. Kd2 {[%emt 0:01:51]} Re8 {[%emt 0:00:08]} 23. Rc1 {[%emt 0:02:42]} 1-0

[Event "WYCC 2018 O14"]
[Site "Halkidiki"]
[Date "2018.10.24"]
[Round "6"]
[White "Krastev, Alexander"]
[Black "Tsoi, Dmitry"]
[Result "0-1"]
[WhiteElo "2298"]
[BlackElo "2429"]
[Annotator "RC"]
[PlyCount "102"]
[EventDate "2018.10.20"]
[EventType "swiss"]
[EventCountry "GRE"]
[SourceTitle "playchess.com"]
[Source "ChessBase"]
[SourceQuality "1"]
[TimeControl "40/5400+30:1800+30"]

1. e4 {[%emt 0:00:00]} e5 {[%emt 0:00:00]} 2. Nf3 {[%emt 0:00:00]} d6 {[%emt 0:00:00]} 3. d4 {[%emt 0:00:00]} exd4 {[%emt 0:00:00]} 4. Nxd4 {[%emt 0:00:02]} Nf6 {[%emt 0:00:00]} 5. Nc3 {[%emt 0:00:07]} Be7 {[%emt 0:00:00]} 6. Nde2 {[%emt 0:00:46]} c6 {[%emt 0:01:22]} 7. g3 {[%emt 0:00:13]} b5 {[%emt 0:00:18]} 8. Bg2 {[%emt 0:02:16]} Bb7 {[%emt 0:00:29]} 9. O-O {[%emt 0:02:33]} Nbd7 {[%emt 0:00:44]} 10. Nd4 {[%emt 0:09:55]} O-O {[%emt 0:04:51]} 11. Nf5 {[%emt 0:02:26]} Ne5 {[%emt 0:04:27]} 12. f4 {[%emt 0:04:00]} Ng6 {[%emt 0:00:26]} 13. a3 {[%emt 0:12:11]} Re8 {[%emt 0:02:37]} 14. Be3 {[%emt 0:11:24]} Bf8 {[%emt 0:03:11]} 15. Kh1 {[%emt 0:01:35]} a5 {[%emt 0:05:10]} 16. b4 {[%emt 0:11:26]} Qd7 {[%emt 0:15:33]} 17. Qd3 {[%emt 0:01:23]} axb4 {[%emt 0:35:12]} 18. axb4 {[%emt 0:00:11]} Rxa1 {[%emt 0:01:35]} 19. Rxa1 {[%emt 0:00:05]} c5 20. bxc5 {[%emt 0:20:49]} Nxe4 {[%emt 0:02:38]} 21. Nxd6 {[%emt 0:17:34]} Nxd6 {[%emt 0:11:26]} 22. cxd6 {[%emt 0:00:06]} Bxg2+ {[%emt 0:01:38]} 23. Kxg2 {[%emt 0:00:02]} Bxd6 {[%emt 0:01:29]} 24. Qxb5 {[%emt 0:02:16]} Qc8 {[%emt 0:00:08]} 25. Qd3 {[%emt 0:00:31]} Qc6+ {[%emt 0:00:19]} 26. Kf2 {[%emt 0:00:37]} Bc5 {[%emt 0:01:14]} 27. Re1 {[%emt 0:00:27]} Bb4 {[%emt 0:00:30]} 28. Bd2 {[%emt 0:00:30]} Rc8 {[%emt 0:03:26]} 29. Ne4 {[%emt 0:00:29]} Be7 {[%emt 0:01:00]} 30. c3 {[%emt 0:00:34]} Rd8 {[%emt 0:00:08]} 31. Qc2 {[%emt 0:00:31]} h5 {[%emt 0:00:47]} 32. Be3 {[%emt 0:00:26]} h4 {[%emt 0:00:09]} 33. Re2 {[%emt 0:00:32]} Qc8 {[%emt 0:00:33]} 34. Rd2 {[%emt 0:00:32]} Re8 35. Qd1 Qh3 {[%emt 0:00:53]} 36. Qg1 {[%emt 0:00:52]} Qf5 {[%emt 0:00:17]} 37. Qg2 {[%emt 0:00:35]} Ne5 {[%emt 0:00:09]} 38. Bd4 {[%emt 0:00:32]} h3 {[%emt 0:00:21]} 39. Qh1 {[%emt 0:00:24]} Ng4+ {[%emt 0:00:10]} 40. Kf1 {[%emt 0:00:00]} Qb5+ {[%emt 0:00:00]} 41. Re2 {[%emt 0:16:25]} Qb1+ {[%emt 0:03:34]} 42. Re1 {[%emt 0:00:06]} Qd3+ {[%emt 0:00:03]} 43. Kg1 {[%emt 0:00:49]} Bf8 {[%emt 0:04:16]} 44. f5 {[%emt 0:01:49]} Kh8 {[%emt 0:04:31]} 45. Ba7 {[%emt 0:05:50]} Bd6 {[%emt 0:04:07]} 46. Bd4 {[%emt 0:01:15]} Bb4 {[%emt 0:01:48]} 47. f6 {[%emt 0:02:53]} g6 {[%emt 0:00:22]} 48. Bf2 {[%emt 0:01:45]} Nxf2 {[%emt 0:00:09]} 49. Kxf2 {[%emt 0:00:13]} Bc5+ {[%emt 0:00:06]} 50. Nxc5 {[%emt 0:00:08]} Qd2+ {[%emt 0:00:03]} 51. Kf3 {[%emt 0:00:08]} Rxe1 {[%emt 0:00:04]} 0-1

[Event "WYCC 2018 O14"]
[Site "Halkidiki"]
[Date "2018.10.24"]
[Round "6"]
[White "Ozenir, Ekin Baris"]
[Black "Chatzieleftheriou, Andreas"]
[Result "1-0"]
[WhiteElo "2293"]
[BlackElo "1984"]
[Annotator "NA"]
[PlyCount "99"]
[EventDate "2018.10.20"]
[EventType "swiss"]
[EventCountry "GRE"]
[SourceTitle "playchess.com"]
[Source "ChessBase"]
[SourceQuality "1"]
[TimeControl "40/5400+30:1800+30"]

1. d4 {[%emt 0:00:00]} Nf6 {[%emt 0:00:00]} 2. c4 {[%emt 0:00:01]} e6 {[%emt 0:00:00]} 3. Nc3 {[%emt 0:00:12]} Bb4 {[%emt 0:00:00]} 4. e3 {[%emt 0:00:31]} b6 {[%emt 0:00:16]} 5. Nge2 {[%emt 0:00:28]} Bb7 {[%emt 0:01:09]} 6. a3 {[%emt 0:00:50]} Bd6 {[%emt 0:00:40]} 7. Ng3 {[%emt 0:16:14] E44: Nimzoindisch (Rubinstein-System)} h5 {[%emt 0:00:12] LiveBook: 18 Games} 8. d5 {[%emt 0:04:18]} Be5 {[%emt 0:10:39]} 9. Nge2 {[%emt 0:03:40]} h4 $146 {[%emt 0:14:03]} ({Vorgänger:} 9... exd5 10. cxd5 c6 11. e4 cxd5 12. exd5 O-O 13. Bg5 Re8 14. Rc1 Na6 {0-1 (23) Rodriguez Alvarez,V (2140)-Cordova,E (2574) Bogota 2012}) 10. e4 {[%emt 0:05:00]} exd5 {[%emt 0:03:08]} 11. cxd5 {[%emt 0:03:52]} d6 {[%emt 0:11:01]} 12. Bg5 {[%emt 0:04:46]} Bxc3+ {[%emt 0:04:43]} 13. Nxc3 {[%emt 0:00:17]} Nbd7 {[%emt 0:00:16]} 14. Bb5 {[%emt 0:07:27]} a6 {[%emt 0:03:22]} 15. Bc6 {[%emt 0:02:46]} Bxc6 {[%emt 0:05:32]} 16. dxc6 {[%emt 0:00:12]} Nc5 {[%emt 0:00:24]} 17. O-O {[%emt 0:14:02]} Ne6 {[%emt 0:03:51]} 18. Be3 {[%emt 0:02:17]} O-O {[%emt 0:09:55]} 19. Qf3 {[%emt 0:04:06]} Re8 {[%emt 0:07:10]} 20. b4 {[%emt 0:07:21]} Nh7 {[%emt 0:04:11]} 21. Qg4 {[%emt 0:01:57]} Neg5 {[%emt 0:04:04]} 22. f3 {[%emt 0:08:10]} Rc8 {[%emt 0:03:27]} 23. Rae1 {[%emt 0:01:34]} h3 {[%emt 0:01:14]} 24. g3 {[%emt 0:00:56]} Qf6 {[%emt 0:01:08]} 25. Nd5 {[%emt 0:01:12]} Qe6 {[%emt 0:00:12]} 26. Qh4 {[%emt 0:03:48]} f6 {[%emt 0:00:17]} 27. Bd4 {[%emt 0:02:17]} Qxd5 {[%emt 0:02:51]} 28. exd5 {[%emt 0:01:00]} Rxe1 {[%emt 0:00:06]} 29. Qg4 {[%emt 0:01:07]} Rce8 {[%emt 0:00:56]} 30. Rxe1 {[%emt 0:01:50]} Rxe1+ {[%emt 0:00:04]} 31. Kf2 {[%emt 0:00:07]} Rh1 {[%emt 0:00:31]} 32. f4 {[%emt 0:01:01]} Rxh2+ {[%emt 0:00:02]} 33. Kg1 {[%emt 0:00:56]} f5 {[%emt 0:05:15]} 34. Qh5 {[%emt 0:01:46]} Rg2+ {[%emt 0:00:01]} 35. Kh1 {[%emt 0:00:46]} Ne4 {[%emt 0:00:23]} 36. Qxh3 {[%emt 0:00:32]} Rd2 {[%emt 0:00:12]} 37. Kg1 {[%emt 0:00:38]} Rxd4 {[%emt 0:02:43]} 38. Qxf5 {[%emt 0:00:23]} Nhf6 {[%emt 0:00:12]} 39. Qc8+ {[%emt 0:00:29]} Kh7 {[%emt 0:00:03]} 40. Qxc7 {[%emt 0:00:00]} Nxd5 {[%emt 0:00:00]} 41. Qc8 {[%emt 0:08:39]} Ne3 {[%emt 0:24:26]} 42. Qh3+ {[%emt 0:03:48]} Kg8 {[%emt 0:00:33]} 43. Qe6+ {[%emt 0:00:27]} Kh7 {[%emt 0:01:47]} 44. c7 Rd1+ {[%emt 0:00:57]} 45. Kh2 {[%emt 0:05:55]} Nf2 {[%emt 0:05:27]} 46. g4 {[%emt 0:03:50]} Nexg4+ {[%emt 0:04:12]} 47. Kg2 $18 {[%emt 0:01:37]} Rd2 {[%emt 0:00:49]} 48. c8=Q {[%emt 0:02:01]} Nh6 {[%emt 0:00:28]} 49. Qe3 {[%emt 0:00:51]} Ne4+ {[%emt 0:00:13]} 50. Qxd2 {[%emt 0:00:09]} 1-0

[Event "WYCC 2018 O14"]
[Site "Halkidiki"]
[Date "2018.10.24"]
[Round "6"]
[White "Trifan, Andrei Ioan"]
[Black "Gavriil, Odysseas-Panagiotis"]
[Result "1/2-1/2"]
[WhiteElo "2290"]
[BlackElo "2009"]
[Annotator "NA"]
[PlyCount "96"]
[EventDate "2018.10.20"]
[EventType "swiss"]
[EventCountry "GRE"]
[SourceTitle "playchess.com"]
[Source "ChessBase"]
[SourceQuality "1"]
[TimeControl "40/5400+30:1800+30"]

1. e4 {[%emt 0:00:00]} Nf6 {[%emt 0:00:00]} 2. e5 {[%emt 0:00:31]} Nd5 {[%emt 0:00:00]} 3. c4 {[%emt 0:00:50]} Nb6 {[%emt 0:00:00]} 4. d4 {[%emt 0:00:33]} d6 {[%emt 0:00:08]} 5. exd6 {[%emt 0:01:07]} exd6 {[%emt 0:00:09]} 6. Nc3 {[%emt 0:05:47]} Be7 {[%emt 0:00:16]} 7. Bd3 {[%emt 0:03:32]} O-O {[%emt 0:00:47] B03: Aljechin-Verteidigung (Vierbauernvariante)} 8. Nge2 {[%emt 0:04:18]} Bf6 {[%emt 0:01:13]} (8... c6 9. O-O Na6 10. a3 Nc7 11. h3 Re8 12. b3 d5 13. c5 Nd7 14. Bf4 Nf8 15. b4 {0-1 (45) Volokitin,A (2628)-Kasimdzhanov,R (2683) Riadh 2017}) 9. O-O {[%emt 0:02:40]} Nc6 {[%emt 0:00:58]} 10. b3 {[%emt 0:01:18]} Re8 {[%emt 0:03:11] LiveBook: 16 Games} 11. Be3 {[%emt 0:02:56]} Nb4 {[%emt 0:04:09]} 12. Bb1 {[%emt 0:03:16]} c6 {[%emt 0:07:50]} 13. Qd2 {[%emt 0:10:00]} d5 {[%emt 0:06:32]} 14. c5 {[%emt 0:02:40]} Nd7 {[%emt 0:00:14]} 15. a3 {[%emt 0:05:51]} Na6 $146 {[%emt 0:00:11]} 16. b4 {[%emt 0:04:30]} Nc7 {[%emt 0:02:14]} 17. Ng3 {[%emt 0:03:32]} g6 {[%emt 0:01:44]} 18. Bc2 {[%emt 0:04:21]} Nf8 {[%emt 0:06:09]} 19. f4 {[%emt 0:03:23]} h5 {[%emt 0:11:46]} 20. f5 {[%emt 0:05:55]} h4 {[%emt 0:01:02]} 21. Nh1 {[%emt 0:05:36]} a5 {[%emt 0:04:50]} 22. Rae1 {[%emt 0:05:40]} axb4 {[%emt 0:00:34]} 23. axb4 {[%emt 0:00:02]} Ra3 {[%emt 0:00:23]} 24. fxg6 {[%emt 0:04:33]} fxg6 {[%emt 0:00:52]} 25. Nf2 {[%emt 0:01:20]} Na6 {[%emt 0:06:47]} 26. Nb1 {[%emt 0:06:55]} Raxe3 {[%emt 0:07:08]} 27. Rxe3 {[%emt 0:00:02]} Rxe3 {[%emt 0:00:11]} 28. Qxe3 {[%emt 0:00:02]} Nxb4 {[%emt 0:00:05]} 29. Bd3 {[%emt 0:05:12]} Nxd3 {[%emt 0:00:19]} 30. Nxd3 {[%emt 0:00:27]} Bf5 {[%emt 0:00:47]} 31. Ne5 {[%emt 0:01:05]} Qe7 {[%emt 0:04:10]} 32. Nd2 {[%emt 0:02:15]} h3 {[%emt 0:10:50]} 33. gxh3 {[%emt 0:03:01]} Bg5 $14 {[%emt 0:01:14]} 34. Qc3 {[%emt 0:01:19]} Qh7 {[%emt 0:03:37]} 35. Rf3 {[%emt 0:00:49]} Ne6 {[%emt 0:00:42]} 36. Nf1 {[%emt 0:01:48]} Qh4 {[%emt 0:01:48]} 37. Ng3 {[%emt 0:00:41]} Nxd4 {[%emt 0:09:06]} 38. Nxf5 {[%emt 0:00:21]} gxf5 {[%emt 0:01:54]} 39. Rf2 {[%emt 0:00:01]} Bf6 {[%emt 0:02:52]} 40. Qe3 {[%emt 0:00:00]} Qe4 {[%emt 0:00:00]} 41. Rg2+ {[%emt 0:15:40]} Kh7 {[%emt 0:11:34]} 42. Qg3 {[%emt 0:05:15]} Qb1+ {[%emt 0:00:13]} 43. Kf2 {[%emt 0:00:02]} Qc2+ {[%emt 0:00:17]} 44. Kf1 {[%emt 0:02:39]} Qd1+ {[%emt 0:00:18]} 45. Kf2 {[%emt 0:00:22]} Qe2+ {[%emt 0:00:43]} 46. Kg1 {[%emt 0:00:02]} Qd1+ {[%emt 0:00:14]} 47. Kf2 {[%emt 0:00:02]} Qe2+ {[%emt 0:00:13]} 48. Kg1 {[%emt 0:00:02]} Qd1+ {[%emt 0:00:06]} 1/2-1/2

[Event "WYCC 2018 O14"]
[Site "Halkidiki"]
[Date "2018.10.24"]
[Round "6"]
[White "Avila Pavas, Santiago"]
[Black "Spyropoulos, Nikolaos"]
[Result "1-0"]
[WhiteElo "2277"]
[BlackElo "2378"]
[Annotator "NA"]
[PlyCount "79"]
[EventDate "2018.10.20"]
[EventType "swiss"]
[EventCountry "GRE"]
[SourceTitle "playchess.com"]
[Source "ChessBase"]
[SourceQuality "1"]
[TimeControl "40/5400+30:1800+30"]

1. d4 {[%emt 0:00:00]} Nf6 {[%emt 0:00:00]} 2. Nf3 {[%emt 0:00:00]} d5 {[%emt 0:00:00]} 3. Bg5 {[%emt 0:01:10]} Ne4 {[%emt 0:00:33]} 4. Bh4 {[%emt 0:00:11]} c5 {[%emt 0:01:05]} 5. e3 {[%emt 0:00:32]} Nc6 {[%emt 0:00:57] D03: 1 d4 d5 2 Nf3 Nf6 3 Bg5, including Torre Attack with early ...d5} 6. Nbd2 {[%emt 0:00:33]} Qb6 {[%emt 0:11:57]} (6... Bf5 7. dxc5 Nxc5 8. Be2 g6 9. Nd4 Bg7 10. Nxf5 gxf5 11. c3 O-O 12. O-O Qd6 13. Bg3 {½-½ (23) Sjugirov,S (2650)-Bacrot,E (2725) Riadh 2017}) 7. Rb1 {[%emt 0:08:19]} Bf5 {[%emt 0:03:38]} 8. Nxe4 {[%emt 0:13:53]} Bxe4 {[%emt 0:07:20]} 9. Bd3 $146 {[%emt 0:05:20]} ({Predecessor:} 9. dxc5 Qxc5 10. Nd2 Qxc2 11. Qxc2 Bxc2 12. Rc1 Bf5 {0-1 (25) Rasmussen,M (1920)-Svane,R (2427) Helsingor 2013}) 9... Bxf3 {[%emt 0:12:51]} 10. Qxf3 {[%emt 0:06:18]} cxd4 {[%emt 0:00:13]} 11. Qxd5 {[%emt 0:05:14]} dxe3 {[%emt 0:16:46]} 12. O-O {[%emt 0:06:45]} Rd8 {[%emt 0:00:43]} 13. Qg5 {[%emt 0:22:10]} h6 {[%emt 0:09:36]} 14. Qg4 {[%emt 0:08:47]} Qd4 {[%emt 0:08:59]} 15. Qh3 {[%emt 0:00:10]} g5 {[%emt 0:01:05]} 16. Bg3 {[%emt 0:05:14]} h5 {[%emt 0:07:53]} 17. fxe3 {[%emt 0:01:24]} Qxe3+ {[%emt 0:00:07]} 18. Kh1 {[%emt 0:00:03]} h4 {[%emt 0:01:17] [#]} 19. Rbe1 $14 {[%emt 0:03:25]} (19. Bc4 $1 $16 {[%csl Gf1][%cal Rc4f7]} f6 20. Rbd1) 19... Qd4 {[%emt 0:00:15]} 20. Bf2 {[%emt 0:03:41]} Qd6 {[%emt 0:02:32]} 21. Bc4 {[%emt 0:06:05]} Qg6 {[%emt 0:11:51]} 22. Bc5 {[%emt 0:01:13]} Rh7 {[%emt 0:00:13]} 23. Bd3 {[%emt 0:00:32]} Rxd3 {[%emt 0:00:30]} 24. cxd3 {[%emt 0:00:17]} g4 {[%emt 0:00:34]} 25. Qe3 {[%emt 0:00:01]} h3 {[%emt 0:00:23]} 26. Qg3 {[%emt 0:01:00]} hxg2+ {[%emt 0:00:45]} 27. Kxg2 {[%emt 0:00:01]} Nd8 {[%emt 0:00:53]} 28. Qc7 {[%emt 0:01:05]} f6 {[%emt 0:00:24]} 29. Qg3 {[%emt 0:00:35]} Qh5 {[%emt 0:00:35]} 30. d4 {[%emt 0:00:28]} Qd5+ {[%emt 0:00:07]} 31. Kg1 {[%emt 0:00:06]} b6 {[%emt 0:00:17]} 32. Ba3 {[%emt 0:00:37]} Rh3 {[%emt 0:01:09]} 33. Qxg4 {[%emt 0:00:45]} Rh5 {[%emt 0:00:29]} 34. Rxf6 {[%emt 0:00:31]} Rh7 {[%emt 0:00:29]} 35. Qg6+ {[%emt 0:00:32]} Rf7 {[%emt 0:00:27]} 36. Rxf7 {[%emt 0:00:24]} Nxf7 {[%emt 0:00:02]} 37. Qg4 {[%emt 0:00:08]} Nd6 {[%emt 0:00:43]} 38. Bxd6 {[%emt 0:00:11]} Qxd6 {[%emt 0:00:03]} 39. Qc8+ {[%emt 0:00:05]} Kf7 {[%emt 0:00:05]} 40. Rf1+ {[%emt 0:00:00]} 1-0

[Event "WYCC 2018 O14"]
[Site "Halkidiki"]
[Date "2018.10.24"]
[Round "6"]
[White "Gombocz, Ferenc Jr."]
[Black "Nguyen, Huynh Minh Thien"]
[Result "1-0"]
[WhiteElo "2271"]
[BlackElo "1996"]
[Annotator "NA"]
[PlyCount "145"]
[EventDate "2018.10.20"]
[EventType "swiss"]
[EventCountry "GRE"]
[SourceTitle "playchess.com"]
[Source "ChessBase"]
[SourceQuality "1"]
[TimeControl "40/5400+30:1800+30"]

1. c4 {[%emt 0:00:00]} Nf6 {[%emt 0:00:30]} 2. g3 {[%emt 0:00:00]} g6 {[%emt 0:00:37]} 3. Bg2 {[%emt 0:00:03]} d5 {[%emt 0:00:20]} 4. cxd5 {[%emt 0:00:31]} Nxd5 {[%emt 0:00:07]} 5. Nc3 {[%emt 0:00:10]} Nxc3 {[%emt 0:01:18]} 6. bxc3 {[%emt 0:00:19]} Bg7 {[%emt 0:01:05]} 7. Nf3 {[%emt 0:03:15] LiveBook: 170 Games} O-O {[%emt 0:00:22]} 8. O-O {[%emt 0:00:06]} e5 {[%emt 0:04:02]} 9. Rb1 {[%emt 0:03:20]} c6 {[%emt 0:01:43]} 10. Qb3 {[%emt 0:10:07] A16: English Opening: 1...Nf6 with ...d5} (10. d3 Nd7 11. Ba3 Re8 12. Qb3 Bf8 13. Bxf8 Nxf8 14. h4 Qc7 15. Ng5 Kg7 16. a4 h6 17. Nf3 b6 {½-½ (49) Demianjuk,A (2333)-Makoveev,I (2196) Moscow 2018}) 10... Na6 $146 {[%emt 0:04:59]} ({Predecessor:} 10... b6 11. d4 Be6 12. Qc2 Nd7 13. Ng5 Bd5 14. e4 Bc4 15. Rd1 f6 16. Rb4 fxg5 17. Rxc4 Qf6 {½-½ (86) Cip,D (2166)-Knotek,J (2015) Stare Mesto 2010}) 11. d3 {[%emt 0:02:05]} h6 {[%emt 0:00:18]} 12. Qa3 {[%emt 0:01:54]} Nc7 {[%emt 0:01:35]} 13. Nd2 {[%emt 0:08:54]} Re8 {[%emt 0:04:54]} 14. Nc4 {[%emt 0:02:22]} Nb5 {[%emt 0:04:04]} 15. Qb2 {[%emt 0:15:02]} Nd6 {[%emt 0:16:39]} 16. Nxd6 {[%emt 0:07:26]} Qxd6 {[%emt 0:00:06]} 17. Qb4 {[%emt 0:04:36]} Qc7 {[%emt 0:03:27]} 18. a4 {[%emt 0:07:46]} Rb8 {[%emt 0:04:13]} 19. Be3 {[%emt 0:10:11]} Ra8 {[%emt 0:09:26]} 20. a5 {[%emt 0:01:53]} Kh7 {[%emt 0:01:42]} 21. Bc5 {[%emt 0:03:30]} Rd8 {[%emt 0:01:27]} 22. f4 {[%emt 0:01:58]} exf4 {[%emt 0:03:27]} 23. Rxf4 {[%emt 0:02:39]} Be6 {[%emt 0:01:52]} 24. Rff1 {[%emt 0:05:41]} Rd7 {[%emt 0:01:06]} 25. d4 {[%emt 0:00:23]} Qd8 {[%emt 0:02:52]} 26. Qa3 {[%emt 0:02:05]} Bc4 {[%emt 0:00:43]} 27. Rf2 {[%emt 0:01:12]} h5 {[%emt 0:01:10]} 28. a6 {[%emt 0:01:38]} b6 {[%emt 0:03:08]} 29. Bxc6 {[%emt 0:01:01]} bxc5 {[%emt 0:00:13]} 30. Qa4 {[%emt 0:02:46]} Be6 {[%emt 0:02:18]} 31. Bxd7 {[%emt 0:00:59]} Bxd7 {[%emt 0:00:02]} 32. Qc4 {[%emt 0:00:51]} Be6 {[%emt 0:01:41]} 33. Qxc5 {[%emt 0:00:42]} Rc8 {[%emt 0:00:01]} 34. Qa3 {[%emt 0:00:23]} Bh6 {[%emt 0:00:31]} 35. Rf3 {[%emt 0:01:00]} Bd5 $19 {[%emt 0:01:03]} 36. e4 {[%emt 0:00:34]} Bxe4 {[%emt 0:00:01]} 37. Rxf7+ {[%emt 0:00:22]} Kg8 {[%emt 0:00:01]} 38. Re1 {[%emt 0:00:42]} Kxf7 {[%emt 0:02:28]} 39. Rxe4 {[%emt 0:00:09]} Rc7 {[%emt 0:06:52]} 40. Qb3+ {[%emt 0:00:00]} Kg7 {[%emt 0:00:00]} 41. c4 {[%emt 0:14:12]} Qf6 {[%emt 0:00:34]} 42. Qb5 {[%emt 0:05:50]} Kh7 {[%emt 0:02:37]} 43. c5 {[%emt 0:03:17]} Qf3 {[%emt 0:09:16]} 44. Qe2 {[%emt 0:01:55]} Qxe2 {[%emt 0:00:05]} 45. Rxe2 {[%emt 0:00:04]} Bg7 {[%emt 0:00:30]} 46. Rd2 {[%emt 0:01:44]} Kg8 {[%emt 0:00:58]} 47. Kg2 {[%emt 0:02:03]} Kf7 {[%emt 0:01:18]} 48. Kf3 {[%emt 0:00:47]} Rc6 {[%emt 0:05:15]} 49. Ke4 {[%emt 0:00:45]} Rxa6 {[%emt 0:01:05]} 50. Rb2 {[%emt 0:01:26]} Bf6 {[%emt 0:04:08]} 51. Rb7+ {[%emt 0:00:39]} Kf8 {[%emt 0:00:57]} 52. d5 {[%emt 0:02:22]} Ra4+ {[%emt 0:00:16]} 53. Kf3 {[%emt 0:00:07]} Ke8 {[%emt 0:01:22]} 54. c6 {[%emt 0:00:50]} Rd4 {[%emt 0:03:40]} 55. Rb8+ {[%emt 0:00:19]} Ke7 {[%emt 0:02:47]} 56. c7 {[%emt 0:00:14]} Rd3+ {[%emt 0:00:47]} 57. Ke4 {[%emt 0:00:48]} Rd4+ {[%emt 0:00:02]} 58. Ke3 {[%emt 0:00:11]} Rc4 {[%emt 0:00:03]} 59. c8=Q {[%emt 0:00:08]} Bd4+ {[%emt 0:00:02]} 60. Ke4 {[%emt 0:01:28]} Rxc8 {[%emt 0:00:06]} 61. Rxc8 {[%emt 0:00:05]} Bg1 {[%emt 0:00:03]} 62. h3 {[%emt 0:00:20]} Bf2 {[%emt 0:00:10]} 63. Rc7+ {[%emt 0:00:20]} Kd8 {[%emt 0:00:14]} 64. d6 {[%emt 0:00:42]} Bxg3 {[%emt 0:00:11]} 65. Kd5 {[%emt 0:00:10]} a5 {[%emt 0:00:46]} 66. Ra7 {[%emt 0:00:21]} Bf2 {[%emt 0:00:56]} 67. Rxa5 {[%emt 0:00:24]} Kd7 {[%emt 0:00:06]} 68. Rb5 {[%emt 0:00:11]} g5 {[%emt 0:00:02]} 69. Rb7+ {[%emt 0:00:25]} Kc8 {[%emt 0:00:04]} 70. Kc6 {[%emt 0:00:45]} g4 {[%emt 0:00:07]} 71. d7+ {[%emt 0:00:11]} Kd8 {[%emt 0:00:06]} 72. Rb8+ {[%emt 0:00:06]} Ke7 {[%emt 0:00:05]} 73. d8=Q+ 1-0